000 00692nam a2200241Ia 4500
005 20260430150316.0
008 008 250103s9999 xx 000 0 eng d
037 _aTheses
040 _aCRL
040 _beng
040 _ceng
041 _2eng
041 _aeng
084 _qCRL
100 _aZingkhai Masot Au.; Anand Sarita Gu.
_91237106
245 0 _aRole of Women Food Vendors in Augmenting Income and Food Availability to Their Families: A Study in Tribal Regions of Manipur
260 _c2023
300 _a270
650 _aScience
700 _aUniversity of Delhi. Faculty of Science. Deptt. of Home Science
_91236642
942 _cTH
999 _c1849474
_d1849474